| 000 | 00484nam a22001817a 4500 | ||
|---|---|---|---|
| 003 | NUST | ||
| 020 | _a9788131709177 | ||
| 038 | _aasad | ||
| 082 | _a519.20246213 GAR | ||
| 100 |
_aLeon-Garcia Alberto _969592 |
||
| 245 | _aProbability and Random Processing for Electrical Engineering | ||
| 250 | _a2nd | ||
| 260 |
_aIndia _bPearson _c2016 |
||
| 300 | _a612 P | ||
| 563 | _aHB | ||
| 650 |
_aProbability and Random Processing for Electrical Engineering _969593 |
||
| 942 |
_cBK _2ddc |
||
| 999 |
_c576812 _d576812 |
||